Traduction des mots français en anglais. - Statistiques

Statistiques générales
  • Ce quiz a été pris 449 fois
  • Le résultat moyen est 7 sur 16
Statistiques - réponses
Hint Réponse % Correct
Amour Love
98%
Sel Salt
93%
Minuit Midnight
88%
Vraiment Really
87%
Fourchette Fork
73%
Liquide Liquid
73%
Évidemment Obviously
40%
Pompe Pump
39%
Député Deputy
35%
Glossaire Glossary
19%
Jonquille Daffodil
9%
Koudou Kudu
7%
Serre Greenhouse
6%
Quilles Bowling
5%
Gicleur Sprinkler
5%
Pince Pliers
4%
Aucun quiz correspondant
Distribution des résultats
% des personnes avec chaque résultat
Percentile par nombre de réponses
Votre historique - résultats
Vous n’avez pas pris ce quiz